Lengua latina / (Record no. 186416)

MARC details
000 -LEADER
campo de control de longitud fija 00604nam a2200193 i 4500
001 - NÚMERO DE CONTROL
campo de control 186416
003 - IDENTIFICADOR DE NÚMERO DE CONTROL
campo de control SpMaBN
005 - FECHA Y HORA DE LA ÚLTIMA TRANSACCIÓN
campo de control 20230906222651.0
008 - DATOS DE LONGITUD FIJA--INFORMACIÓN GENERAL
campo de control de longitud fija 161108s1955 sp bef |||| |dlat d
080 ## - NÚMERO DE LA CLASIFICACIÓN DECIMAL UNIVERSAL
Número de la Clasificación Decimal Universal 811.124(075.4)
100 1# - ENTRADA PRINCIPAL--NOMBRE DE PERSONA
Nombre de persona Echave-Sustaeta, J.
9 (RLIN) 161187
245 10 - MENCIÓN DEL TÍTULO
Título Lengua latina /
Mención de responsabilidad, etc. J. Echave-Sustaeta.
250 ## - MENCION DE EDICION
Mención de edición 3ª ed.
260 ## - PUBLICACIÓN, DISTRIBUCIÓN, ETC.
Lugar de publicación, distribución, etc. Barcelona :
Nombre del editor, distribuidor, etc. Cefiso,
Fecha de publicación, distribución, etc. 1955.
300 ## - DESCRIPCIÓN FÍSICA
Extensión 163 p., [4] h. de lám. ;
Dimensiones 17 cm.
594 ## - Nota al título y mención de responsabilidad
Nota al título y mención de responsabilidad En anteport.: Curso medio. Lecturas. Roma II.
650 #4 - PUNTO DE ACCESO ADICIONAL DE MATERIA--TÉRMINO DE MATERIA
Término de materia o nombre geográfico como elemento de entrada Lengua latina-
Subdivisión de forma Métodos.
9 (RLIN) 162340
852 ## - LOCALIZACIÓN
Ubicación ES-MaACL
Número de control de estantería L-30777
Nota libre - Donat. Miguel A. Velasco
Holdings
Estatus retirado Estado de pérdida Estado de daño No para préstamo Biblioteca de origen Biblioteca actual Ubicación en estantería Fecha de adquisición Fuente de adquisición Total de préstamos Signatura topográfica completa Código de barras Visto por última vez Precio de reemplazo Tipo de ítem Koha
        Biblioteca del Ateneo de Madrid Biblioteca del Ateneo de Madrid Depósito 2 08/11/2016     L-30777 1196576 23/02/2023 23/02/2023 Libro impreso